00659nam a2200145Ia 4500008004100000100002700041245011300068245011500181260000900296300003500305440004300340650003900383999001900422952007200441171207s9999 xx 000 0 und d aWilloughby, Michael T. aDevelopmental Delays in Executive Function from 3 to 5 Years of Age Predict Kindergarten Academic Readiness  cMichael T. Willoughby, Brooke Magnus, Lynne Vernon-Feagans, Clancy B. Blair, Family Life Project Investigators c2017 apages 359-72, July/August 2017 aJournal of Learning Disabilitiesv50:4 aEXECUTIVE FUNCTION, ACADEMIC SKILL c347556d347556 001040aCLbCLd2017-12-07l0r2017-12-07 00:00:00w2017-12-07ySE